000 00546 a2200193 4500
005 20260413101810.0
008 260413b |||||||| |||| 00| 0 eng d
020 _a9788178246697
_cRs. 795.00
040 _aMAIN
082 _a351
_bM314M
100 _aMangla, Akshay
245 _aMaking bureaucracy work: Norms, education, and public service delivery in rural India
260 _bPermannt Black
_c2022
_aRanikhet
300 _axx, 420
650 _aPublic Administration
650 _aGovernments
650 _aBureaucracy
942 _cBK
999 _c395231
_d395231